[Event "RC-2011-0-00085"]
[Site "LSS email"]
[Date "2011.10.31"]
[Round "?"]
[White "Reede, Arvo"]
[Black "Krol, Piotr Rafal"]
[Result "1-0"]
[WhiteElo "1669"]
[BlackElo "1741"]
[PlyCount "21"]
[EventDate "2011.09.23"]
[EventType "tourn (corr)"]
[EventRounds "6"]
[EventCountry "GER"]
[SourceTitle "Corr 2015"]
[Source "ChessBase"]
[SourceDate "2015.07.17"]
[SourceVersion "1"]
[SourceVersionDate "2015.07.17"]
[SourceQuality "1"]

1. Nf3 e6 2. e4 d5 3. exd5 exd5 4. d4 Bd6 5. Bd3 Nf6 6. 0-0 0-0 7. Nc3 c6 8. h3 h6 9. Re1 Be6 10. Ne5 Nbd7 11. f4 1-0

[Event "OP-2010-0-01317"]
[Site "LSS email"]
[Date "2010.11.17"]
[Round "?"]
[White "Krol, Piotr Rafal"]
[Black "Hickl, Norbert"]
[Result "0-1"]
[WhiteElo "1130"]
[BlackElo "931"]
[PlyCount "70"]
[EventDate "2010.11.11"]
[EventType "tourn (corr)"]
[EventRounds "4"]
[EventCountry "GER"]
[SourceTitle "Telechess CBM 145"]
[Source "Chessbase"]
[SourceDate "2011.11.11"]
[SourceVersion "1"]
[SourceVersionDate "2011.11.11"]
[SourceQuality "1"]

1. d4 e6 2. c4 Nf6 3. Nc3 d5 4. Bg5 Bb4 5. e3 Nbd7 6. Rc1 c6 7. Nf3 h6 8. Bh4 0-0 9. a3 Bd6 10. Bd3 dxc4 11. Bxc4 b5 12. Bd3 a6 13. e4 e5 14. dxe5 Nxe5 15. Be2 Bb7 16. 0-0 Nxf3+ 17. Bxf3 Re8 18. Ne2 c5 19. Nc3 Qe7 20. Re1 Rad8 21. Qc2 Qc7 22. h3 g5 23. Bg3 Bxg3 24. fxg3 Qxg3 25. Qf2 Qxf2+ 26. Kxf2 Rd2+ 27. Re2 Nxe4+ 28. Nxe4 Rxe2+ 29. Kxe2 c4 30. Kd2 Bxe4 31. Re1 Rd8+ 32. Ke3 Bxf3 33. Kxf3 Rd2 34. Re8+ Kg7 35. Ra8 Rxb2 0-1

[Event "OP-2010-0-01299"]
[Site "LSS email"]
[Date "2010.10.31"]
[Round "?"]
[White "Krol, Piotr Rafal"]
[Black "Jaszczowski, Zdzislaw"]
[Result "0-1"]
[WhiteElo "1130"]
[BlackElo "755"]
[PlyCount "38"]
[EventDate "2010.10.23"]
[EventType "tourn (corr)"]
[EventRounds "4"]
[EventCountry "GER"]
[SourceTitle "Telechess CBM 147"]
[Source "ChessBase"]
[SourceDate "2012.03.16"]
[SourceVersion "1"]
[SourceVersionDate "2012.03.16"]
[SourceQuality "1"]

1. d4 d5 2. c4 dxc4 3. e4 b5 4. a4 bxa4 5. Qxa4+ c6 6. Bxc4 Bd7 7. Qb3 e6 8. Qb7 Na6 9. Qxa6 Nf6 10. Bg5 Be7 11. e5 Nd5 12. Bxe7 Nxe7 13. Nf3 0-0 14. 0-0 Nd5 15. Bxd5 cxd5 16. Nc3 Qc7 17. Rfc1 h6 18. Nxd5 Qd8 19. Nc7 Rb8 0-1

[Event "CP-2010-P-00071"]
[Site "LSS email"]
[Date "2010.09.28"]
[Round "?"]
[White "Koslovska, Maria"]
[Black "Krol, Piotr Rafal"]
[Result "1-0"]
[WhiteElo "1806"]
[BlackElo "1130"]
[PlyCount "25"]
[EventDate "2010.10.01"]
[EventType "tourn (corr)"]
[EventRounds "6"]
[EventCountry "GER"]
[SourceTitle "Corr 2013"]
[Source "ChessBase"]
[SourceDate "2012.11.12"]
[SourceVersion "1"]
[SourceVersionDate "2012.11.12"]
[SourceQuality "1"]

1. Nf3 d5 2. d4 Nf6 3. c4 dxc4 4. e3 g6 5. Bxc4 Bg7 6. 0-0 0-0 7. Nc3 Bg4 8. h3 Bxf3 9. Qxf3 c6 10. Rd1 Nbd7 11. e4 e6 12. b3 Nb6 13. Be2 1-0

[Event "CP-2010-P-00071"]
[Site "LSS email"]
[Date "2010.09.28"]
[Round "?"]
[White "Krol, Piotr Rafal"]
[Black "Franks, Keith"]
[Result "0-1"]
[WhiteElo "1219"]
[BlackElo "1910"]
[PlyCount "66"]
[EventDate "2010.10.01"]
[EventType "tourn (corr)"]
[EventRounds "6"]
[EventCountry "GER"]
[SourceTitle "Telechess CBM 143"]
[Source "ChessBase"]
[SourceDate "2011.07.15"]
[SourceVersion "1"]
[SourceVersionDate "2011.07.15"]
[SourceQuality "1"]

1. d4 d5 2. c4 e6 3. Nc3 Nf6 4. Bg5 Be7 5. e3 0-0 6. Nf3 Nbd7 7. Be2 b6 8. 0-0 Bb7 9. cxd5 Nxd5 10. Bxe7 Qxe7 11. Rc1 c5 12. Nxd5 Bxd5 13. b3 Rac8 14. Ba6 Rcd8 15. Qe2 Bxf3 16. Qxf3 cxd4 17. Rc7 Qa3 18. Bb5 Nf6 19. exd4 Rxd4 20. Qc3 Rd5 21. Bc4 Rd6 22. Qe5 Rd2 23. Re1 Rfd8 24. Bxe6 fxe6 25. Qxe6+ Kh8 26. Qf7 Qf8 27. Qxf8+ Rxf8 28. Rxa7 h6 29. g3 Ng4 30. Ree7 Rd1+ 31. Kg2 Rxf2+ 32. Kh3 Rd4 33. Re8+ Kh7 0-1